| 000 | 00363cam a2200145ua 4500 | ||
|---|---|---|---|
| 041 |
_amal _h |
||
| 082 |
_a894.812 _bSOP/OE |
||
| 100 | _aSophocles, . | ||
| 245 |
_aOedipus / _cSophocles. _hTextual Documents |
||
| 260 |
_aKottayam : _bSahitya Pravarthaka Co-operative Society , _c1957. |
||
| 300 | _a111 ; . | ||
| 504 | _a | ||
| 942 | _cBK | ||
| 999 |
_c1181 _d1181 |
||